000 00291nam a22001337a 4500
008 170202b xxu||||| |||| 00| 0 eng d
020 _a9781416036746
041 _aeng
080 _a61
100 _a3
101 _aSHM
245 _aTHE LANGUAGE OF MEDICINE
_cCHABNER,D.E
942 _2udc
_cBK
999 _c4249
_d4249